[Event "Hastings Masters"]
[Site "Hastings, England"]
[Date "2015.01.05"
[Round "8.20"]
[White "Hackner, Oskar A"]
[WhiteElo "2145"]
[Black "Eames, Robert S"]
[BlackElo "2237"]
[Result "1-0"]

1. d4 {[%clk 1:40:57]} f5 {[%clk 1:39:24]} 2. Bg5 {[%clk 1:41:16]} h6
{[%clk 1:39:26]} 3. Bh4 {[%clk 1:41:32]} g5 {[%clk 1:39:44]} 4. e3
{[%clk 1:41:56]} Nf6 {[%clk 1:38:05]} 5. Bg3 {[%clk 1:42:21]} d6 {[%clk 1:38:11]}
6. h4 {[%clk 1:39:40]} Rg8 {[%clk 1:38:04]} 7. hxg5 {[%clk 1:39:20]} hxg5
{[%clk 1:38:28]} 8. Bc4 {[%clk 1:38:29]} e6 {[%clk 1:38:05]} 9. Nd2
{[%clk 1:33:00]} Qe7 {[%clk 1:37:21]} 10. Ne2 {[%clk 1:30:37]} Nc6
{[%clk 1:31:25]} 11. c3 {[%clk 1:29:46]} Bd7 {[%clk 1:30:04]} 12. b4
{[%clk 1:28:34]} O-O-O {[%clk 1:27:40]} 13. Qa4 {[%clk 1:04:19]} a6
{[%clk 1:18:41]} 14. Qc2 {[%clk 1:02:34]} Bg7 {[%clk 1:17:08]} 15. a4
{[%clk 0:53:09]} Rh8 {[%clk 1:12:18]} 16. Rg1 {[%clk 0:53:09]} e5
{[%clk 1:07:55]} 17. b5 {[%clk 0:47:51]} axb5 {[%clk 1:04:45]} 18. axb5
{[%clk 0:48:14]} Nb8 {[%clk 1:05:01]} 19. dxe5 {[%clk 0:46:28]} dxe5
{[%clk 1:04:33]} 20. f3 {[%clk 0:46:24]} f4 {[%clk 0:58:16]} 21. Bf2
{[%clk 0:46:25]} e4 {[%clk 0:49:02]} 22. Nxe4 {[%clk 0:29:57]} Nxe4
{[%clk 0:45:02]} 23. Qxe4 {[%clk 0:29:22]} Qf6 {[%clk 0:40:34]} 24. Bd5
{[%clk 0:19:29]} c6 {[%clk 0:30:44]} 25. bxc6 {[%clk 0:19:54]} Bxc6
{[%clk 0:26:10]} 26. Qe6+ {[%clk 0:16:53]} Kc7 {[%clk 0:25:26]} 27. Qxf6
{[%clk 0:17:03]} Bxf6 {[%clk 0:25:49]} 28. Bxc6 {[%clk 0:16:56]} Nxc6
{[%clk 0:26:04]} 29. e4 {[%clk 0:17:06]} Rd3 {[%clk 0:17:11]} 30. Rc1
{[%clk 0:15:22]} Ra8 {[%clk 0:15:39]} 31. Bd4 {[%clk 0:15:14]} Be5
{[%clk 0:14:22]} 32. Kf2 {[%clk 0:14:36]} Ra2 {[%clk 0:13:59]} 33. Rgd1
{[%clk 0:14:54]} Rdd2 {[%clk 0:13:26]} 34. Rxd2 {[%clk 0:15:18]} Rxd2
{[%clk 0:13:42]} 35. Ke1 {[%clk 0:15:38]} Ra2 {[%clk 0:10:20]} 36. Rd1
{[%clk 0:15:50]} Bd6 {[%clk 0:07:09]} 37. Bb6+ {[%clk 0:14:40]} Kxb6
{[%clk 0:06:04]} 38. Rxd6 {[%clk 0:15:05]} Ra5 {[%clk 0:04:47]} 39. Nd4
{[%clk 0:12:18]} Ra1+ {[%clk 0:03:13]} 40. Kf2 {[%clk 0:12:31]} Ra2+
{[%clk 0:03:00]} 41. Kg1 {[%clk 0:12:47]} Ra5 {[%clk 0:44:54]} 42. Rg6
{[%clk 1:02:44]} Rc5 {[%clk 0:42:47]} 43. Kf2 {[%clk 1:02:09]} Rxc3
{[%clk 0:42:02]} 44. Nxc6 {[%clk 1:02:32]} bxc6 {[%clk 0:41:16]} 45. Rxg5
{[%clk 1:02:56]} c5 {[%clk 0:40:23]} 46. Rg4 {[%clk 1:02:58]} Rc2+
{[%clk 0:36:24]} 47. Kf1 {[%clk 1:02:38]} c4 {[%clk 0:34:34]} 48. Rxf4
{[%clk 1:02:55]} Kc5 {[%clk 0:33:31]} 49. e5 {[%clk 0:52:36]} Rc1+
{[%clk 0:31:08]} 50. Kf2 {[%clk 0:52:59]} Rc2+ {[%clk 0:31:32]} 51. Ke3
{[%clk 0:53:22]} Rxg2 {[%clk 0:31:51]} 52. Rf8 {[%clk 0:51:42]} Kd5
{[%clk 0:29:21]} 53. Kf4 {[%clk 0:50:25]} c3 {[%clk 0:23:55]} 54. Rd8+
{[%clk 0:50:11]} Kc4 {[%clk 0:16:51]} 55. Rc8+ {[%clk 0:50:17]} Kd3
{[%clk 0:16:25]} 56. e6 {[%clk 0:48:40]} Re2 {[%clk 0:15:17]} 57. Kf5
{[%clk 0:48:21]} c2 {[%clk 0:14:56]} 58. f4 {[%clk 0:48:40]} Re1 {[%clk 0:11:18]}
59. Kf6 {[%clk 0:44:37]} Re4 {[%clk 0:06:31]} 60. f5 {[%clk 0:42:32]} Rc4
{[%clk 0:05:37]} 61. Rxc4 {[%clk 0:42:52]} Kxc4 {[%clk 0:05:39]} 62. e7
{[%clk 0:43:16]} c1=Q {[%clk 0:05:26]} 63. e8=Q {[%clk 0:43:38]} Qh6+
{[%clk 0:04:09]} 64. Qg6 {[%clk 0:43:58]} Qh8+ {[%clk 0:03:11]} 65. Kf7
{[%clk 0:43:54]} Kc5 {[%clk 0:02:40]} 66. f6 {[%clk 0:44:07]} Kd6
{[%clk 0:02:10]} 67. Qf5 {[%clk 0:43:45]} Kc6 {[%clk 0:00:44]} 68. Ke7
{[%clk 0:43:42]} Qh4 {[%clk 0:00:33]} 69. Qd7+ {[%clk 0:43:40]} Kc5
{[%clk 0:00:43]} 70. Qd6+ {[%clk 0:43:53]} Kc4 {[%clk 0:00:57]} 71. Ke8
{[%clk 0:43:00]} Qe4+ {[%clk 0:15:24]} 72. Qe7 {[%clk 0:57:58]} Qc6+
{[%clk 0:14:41]} 73. Kf8 {[%clk 0:57:51]} Qc8+ {[%clk 0:13:54]} 74. Kf7
{[%clk 0:57:26]} Kd5 {[%clk 0:13:46]} 75. Qe8 {[%clk 0:56:54]} Qc7+
{[%clk 0:13:43]} 76. Kf8 {[%clk 0:56:50]} Qd6+ {[%clk 0:13:29]} 77. Kg7
{[%clk 0:56:20]} Qg3+ {[%clk 0:13:25]} 78. Qg6 {[%clk 0:56:43]} Qe5
{[%clk 0:13:31]} 79. Qg2+ {[%clk 0:52:16]} Kd6 {[%clk 0:11:38]} 80. Kg6
{[%clk 0:52:32]} Qe6 {[%clk 0:11:13]} 81. Qd2+ {[%clk 0:52:43]} Kc7
{[%clk 0:10:19]} 82. Qf4+ {[%clk 0:51:23]} Kd8 {[%clk 0:07:29]} 83. Kg7
{[%clk 0:51:31]} Qe2 {[%clk 0:07:26]} 84. Qd6+ {[%clk 0:50:49]} Kc8
{[%clk 0:07:49]} 85. f7 {[%clk 0:51:08]} Qg4+ {[%clk 0:07:57]} 86. Qg6
{[%clk 0:51:32]} Qd4+ {[%clk 0:07:28]} 87. Kh7 {[%clk 0:50:15]} Qd7
{[%clk 0:06:46]} 88. Qa6+ {[%clk 0:44:24]} Kb8 {[%clk 0:06:48]} 89. Qc4
{[%clk 0:41:17]} Qh3+ {[%clk 0:06:08]} 90. Kg7 {[%clk 0:41:05]} Qg3+
{[%clk 0:06:24]} 91. Kf8 {[%clk 0:38:36]} Qd6+ {[%clk 0:06:12]} 92. Ke8
{[%clk 0:39:00]} Qe5+ {[%clk 0:06:21]} 93. Kd7 {[%clk 0:39:22]} Qf5+
{[%clk 0:06:12]} 94. Qe6 {[%clk 0:39:39]} Qb5+ {[%clk 0:06:19]} 95. Ke7
{[%clk 0:35:13]} Qg5+ {[%clk 0:06:36]} 96. Ke8 {[%clk 0:35:07]} Qb5+
{[%clk 0:06:44]} 97. Kf8 {[%clk 0:34:41]} Qc5+ {[%clk 0:06:53]} 98. Qe7
{[%clk 0:34:02]} Qf5 {[%clk 0:06:48]} 99. Qd6+ {[%clk 0:33:34]} Kc8
{[%clk 0:06:28]} 100. Qc6+ {[%clk 0:31:13]} Kb8 101. Ke7 {[%clk 0:26:51]} Qe5+
{[%clk 0:05:30]} 102. Qe6 {[%clk 0:27:06]} Qg5+ {[%clk 0:05:08]} 103. Qf6
{[%clk 0:27:07]} Qe3+ {[%clk 0:05:12]} 104. Kd7 {[%clk 0:26:43]} Qa7+
{[%clk 0:04:44]} 105. Ke6 {[%clk 0:25:39]} Qb6+ {[%clk 0:04:07]} 106. Kf5
{[%clk 0:25:55]} Qb1+ {[%clk 0:03:47]} 107. Kg5 {[%clk 0:26:14]} Qg1+
{[%clk 0:03:56]} 108. Kh6 {[%clk 0:26:31]} Qh2+ {[%clk 0:03:44]} 109. Kg6
{[%clk 0:26:07]} Qg3+ {[%clk 0:03:26]} 110. Qg5 {[%clk 0:26:09]} Qd6+
{[%clk 0:03:28]} 111. Kh7 {[%clk 0:25:23]} Qd3+ {[%clk 0:03:11]} 112. Kg8
{[%clk 0:25:45]} Qc4 {[%clk 0:03:23]} 113. Qd8+ {[%clk 0:23:51]} Kb7
{[%clk 0:03:36]} 114. Kf8 {[%clk 0:24:04]} Qg4 {[%clk 0:03:03]} 115. Ke8
{[%clk 0:23:26]} Qh5 {[%clk 0:02:28]} 116. Qd7+ {[%clk 0:22:19]} Kb8
{[%clk 0:02:38]} 117. Qd6+ {[%clk 0:22:14]} Kc8 {[%clk 0:02:40]} 118. Qc6+
{[%clk 0:20:22]} Kb8 {[%clk 0:03:05]} 119. Ke7 {[%clk 0:20:07]} Qe5+
{[%clk 0:03:06]} 120. Qe6 {[%clk 0:17:59]} Qg5+ {[%clk 0:03:17]} 121. Kd6
{[%clk 0:16:55]} Qd2+ {[%clk 0:02:53]} 122. Qd5 {[%clk 0:17:00]} Qf4+
{[%clk 0:02:56]} 123. Kc6 {[%clk 0:16:57]} Qc7+ {[%clk 0:02:02]} 124. Kb5
{[%clk 0:17:21]} Qe7 {[%clk 0:02:16]} 125. Qb3 {[%clk 0:16:33]} Kc7
{[%clk 0:01:56]} 126. Qc3+ {[%clk 0:16:15]} Kd7 {[%clk 0:00:51]} 127. Qc6+
{[%clk 0:16:28]} Kd8 {[%clk 0:01:17]} 128. Qa8+ {[%clk 0:16:53]} Kd7
{[%clk 0:01:39]} 129. f8=Q {[%clk 0:17:13]} Qe2+ {[%clk 0:01:58]} 130. Kc5
{[%clk 0:16:47]} Qe3+ {[%clk 0:02:04]} 131. Kd5 {[%clk 0:16:57]} Qd3+
{[%clk 0:00:44]} 132. Ke5 {[%clk 0:17:20]} Qc3+ {[%clk 0:01:07]} 133. Kf5
{[%clk 0:17:44]} Qh3+ {[%clk 0:01:31]} 134. Kg6 {[%clk 0:17:59]} Qg4+
{[%clk 0:01:46]} 135. Kh7 {[%clk 0:18:21]} Qh5+ {[%clk 0:01:56]} 136. Kg8
{[%clk 0:18:44]} Qh8+ {[%clk 0:01:18]} 137. Kxh8 {[%clk 0:19:03]} 1-0

[Event "Hastings Masters"]
[Site "Hastings, England"]
[Date "2015.01.05"
[Round "8.21"]
[White "Marusenko, Petr"]
[WhiteElo "2194"]
[Black "Taylor, Adam C"]
[BlackElo "2056"]
[Result "1-0"]

1. d4 {[%clk 1:40:33]} Nf6 {[%clk 1:40:45]} 2. c4 {[%clk 1:41:00]} c5
{[%clk 1:41:11]} 3. d5 {[%clk 1:41:27]} b5 {[%clk 1:41:35]} 4. cxb5
{[%clk 1:41:53]} a6 {[%clk 1:42:03]} 5. bxa6 {[%clk 1:42:18]} Bxa6
{[%clk 1:42:30]} 6. Nc3 {[%clk 1:42:42]} g6 {[%clk 1:42:55]} 7. e4
{[%clk 1:43:08]} Bxf1 {[%clk 1:43:21]} 8. Kxf1 {[%clk 1:43:34]} d6
{[%clk 1:43:47]} 9. g3 {[%clk 1:44:00]} Bg7 {[%clk 1:44:14]} 10. Kg2
{[%clk 1:44:23]} Nbd7 {[%clk 1:44:42]} 11. Nf3 {[%clk 1:44:39]} O-O
{[%clk 1:45:05]} 12. Qe2 {[%clk 1:45:06]} Qa5 {[%clk 1:45:32]} 13. Bd2
{[%clk 1:45:29]} Rfb8 {[%clk 1:45:56]} 14. Rab1 {[%clk 1:45:49]} Ne8
{[%clk 1:29:57]} 15. h4 {[%clk 1:41:02]} Nb6 {[%clk 1:27:50]} 16. h5
{[%clk 1:28:38]} Na4 {[%clk 1:13:54]} 17. e5 {[%clk 1:23:48]} Qa6
{[%clk 1:06:24]} 18. hxg6 {[%clk 1:20:21]} hxg6 {[%clk 1:06:33]} 19. Qe4
{[%clk 1:13:49]} Nxc3 {[%clk 0:50:22]} 20. Bxc3 {[%clk 1:14:02]} Qa4
{[%clk 0:50:28]} 21. Qe3 {[%clk 1:12:03]} Qxa2 {[%clk 0:39:04]} 22. exd6
{[%clk 1:05:09]} Qxd5 {[%clk 0:39:22]} 23. Bxg7 {[%clk 1:05:30]} Nxg7
{[%clk 0:39:39]} 24. Rbd1 {[%clk 1:03:50]} Nf5 {[%clk 0:33:09]} 25. Qg5
{[%clk 0:55:44]} Qe4 {[%clk 0:25:33]} 26. Rhe1 {[%clk 0:44:43]} Qc6
{[%clk 0:25:34]} 27. dxe7 {[%clk 0:45:08]} Nd4 {[%clk 0:20:32]} 28. Rd3
{[%clk 0:44:42]} Rxb2 {[%clk 0:01:39]} 29. Qh4 {[%clk 0:43:30]} Rxf2+
{[%clk 0:00:53]} 30. Kxf2 {[%clk 0:43:28]} Ra2+ {[%clk 0:01:13]} 31. Kg1
{[%clk 0:43:13]} Ne2+ {[%clk 0:00:34]} 32. Rxe2 1-0

[Event "Hastings Masters"]
[Site "Hastings, England"]
[Date "2015.01.05"
[Round "8.22"]
[White "Byron, Alan M"]
[WhiteElo "2188"]
[Black "Liang, Jake Z"]
[BlackElo "1953"]
[Result "1/2-1/2"]

1. e4 {[%clk 1:40:57]} c5 {[%clk 1:40:39]} 2. Nf3 {[%clk 1:41:20]} e6
{[%clk 1:40:33]} 3. d4 {[%clk 1:40:23]} cxd4 {[%clk 1:40:53]} 4. Nxd4
{[%clk 1:40:50]} Nc6 {[%clk 1:40:55]} 5. Nc3 {[%clk 1:40:40]} Qc7
{[%clk 1:41:16]} 6. Be3 {[%clk 1:39:21]} a6 {[%clk 1:41:07]} 7. Be2
{[%clk 1:39:12]} Nf6 {[%clk 1:41:01]} 8. O-O {[%clk 1:36:21]} Bb4
{[%clk 1:39:00]} 9. Nxc6 {[%clk 1:33:00]} bxc6 {[%clk 1:35:27]} 10. Bf3
{[%clk 1:18:41]} d5 {[%clk 1:19:44]} 11. exd5 {[%clk 1:16:32]} cxd5
{[%clk 1:20:05]} 12. Ne2 {[%clk 1:11:00]} Bd6 {[%clk 1:17:32]} 13. Rc1
{[%clk 1:09:04]} Rb8 {[%clk 1:09:19]} 14. c4 {[%clk 1:07:20]} dxc4
{[%clk 1:08:16]} 15. b3 {[%clk 1:04:18]} O-O {[%clk 0:56:27]} 16. Rxc4
{[%clk 1:04:16]} Qe7 {[%clk 0:54:43]} 17. Nd4 {[%clk 0:59:55]} Bb7
{[%clk 0:51:57]} 18. Nc6 {[%clk 0:55:10]} Bxc6 {[%clk 0:44:29]} 19. Rxc6
{[%clk 0:55:30]} Rfd8 {[%clk 0:41:15]} 20. Qe2 {[%clk 0:53:08]} a5
{[%clk 0:36:39]} 21. Ra6 {[%clk 0:36:10]} Bb4 {[%clk 0:33:22]} 1/2-1/2

[Event "Hastings Masters"]
[Site "Hastings, England"]
[Date "2015.01.05"
[Round "8.23"]
[White "Mannion, Stephen R"]
[WhiteElo "2345"]
[Black "Sugden, John N"]
[BlackElo "2105"]
[Result "1-0"]

1. e4 {[%clk 1:40:59]} c5 {[%clk 1:40:25]} 2. Nf3 {[%clk 1:41:24]} e6
{[%clk 1:40:34]} 3. d4 {[%clk 1:41:49]} cxd4 {[%clk 1:40:55]} 4. Nxd4
{[%clk 1:42:14]} a6 {[%clk 1:41:03]} 5. c4 {[%clk 1:42:39]} Nf6 {[%clk 1:41:10]}
6. Nc3 {[%clk 1:43:01]} Bb4 {[%clk 1:40:57]} 7. Qd3 {[%clk 1:43:21]} d5
{[%clk 1:29:31]} 8. exd5 {[%clk 1:43:35]} exd5 {[%clk 1:24:40]} 9. Be2
{[%clk 1:43:59]} O-O {[%clk 1:17:09]} 10. O-O {[%clk 1:44:23]} dxc4
{[%clk 1:05:44]} 11. Qxc4 {[%clk 1:44:26]} Bxc3 {[%clk 1:05:21]} 12. bxc3
{[%clk 1:43:23]} b5 {[%clk 0:55:32]} 13. Qb3 {[%clk 1:43:28]} Bg4
{[%clk 0:50:27]} 14. Bxg4 {[%clk 1:40:37]} Nxg4 {[%clk 0:50:46]} 15. h3
{[%clk 1:40:56]} Nf6 {[%clk 0:45:09]} 16. Bg5 {[%clk 1:28:57]} Nbd7
{[%clk 0:43:55]} 17. Rfe1 {[%clk 1:26:52]} Qb6 {[%clk 0:37:45]} 18. Re3
{[%clk 1:11:22]} Qc5 {[%clk 0:31:46]} 19. Nf3 {[%clk 1:07:28]} Rfe8
{[%clk 0:30:23]} 20. Rd1 {[%clk 1:07:48]} h6 {[%clk 0:28:35]} 21. Bf4
{[%clk 1:01:10]} Rxe3 {[%clk 0:27:08]} 22. Bxe3 {[%clk 1:01:27]} Qc6
{[%clk 0:24:48]} 23. Nd4 {[%clk 0:54:13]} Qe4 {[%clk 0:24:07]} 24. c4
{[%clk 0:52:59]} bxc4 {[%clk 0:22:32]} 25. Qxc4 {[%clk 0:53:25]} Nb6
{[%clk 0:21:07]} 26. Qb3 {[%clk 0:49:20]} Nbd5 {[%clk 0:20:03]} 27. Bc1
{[%clk 0:43:06]} Rc8 {[%clk 0:14:30]} 28. Bb2 {[%clk 0:29:15]} Nf4
{[%clk 0:14:16]} 29. Qf3 {[%clk 0:29:21]} Qxf3 {[%clk 0:13:19]} 30. Nxf3
{[%clk 0:29:43]} N4d5 {[%clk 0:13:21]} 31. Rd3 {[%clk 0:24:39]} Rc6
{[%clk 0:10:57]} 32. Rb3 {[%clk 0:22:00]} Nd7 {[%clk 0:07:56]} 33. Bd4
{[%clk 0:20:01]} f6 {[%clk 0:07:54]} 34. Ra3 {[%clk 0:15:44]} Kf7
{[%clk 0:07:39]} 35. Ra5 {[%clk 0:15:41]} Nc7 {[%clk 0:07:22]} 36. Be3
{[%clk 0:15:29]} Ne6 {[%clk 0:06:50]} 37. Rd5 {[%clk 0:12:05]} Ndf8
{[%clk 0:03:59]} 38. Nd2 {[%clk 0:10:09]} Ke7 {[%clk 0:03:32]} 39. Ne4
{[%clk 0:10:31]} Rc4 {[%clk 0:02:08]} 40. f3 {[%clk 0:10:30]} Ra4
{[%clk 0:01:49]} 41. Rd2 {[%clk 0:10:03]} Ra3 {[%clk 0:43:34]} 42. Kf2
{[%clk 0:57:09]} h5 {[%clk 0:35:40]} 43. Nd6 {[%clk 0:53:13]} Ra4
{[%clk 0:29:31]} 44. Nc8+ {[%clk 0:49:50]} Ke8 {[%clk 0:27:52]} 45. Nb6
{[%clk 0:49:07]} Ra3 {[%clk 0:27:15]} 46. Rc2 {[%clk 0:45:15]} Ra5
{[%clk 0:24:10]} 47. Re2 {[%clk 0:38:09]} Kf7 {[%clk 0:23:03]} 48. a4
{[%clk 0:38:20]} f5 {[%clk 0:19:13]} 49. f4 {[%clk 0:29:48]} Nc5 {[%clk 0:16:07]}
50. Bd2 {[%clk 0:27:59]} Rxa4 {[%clk 0:12:17]} 51. Nxa4 {[%clk 0:28:23]} Nxa4
{[%clk 0:12:35]} 52. Re5 {[%clk 0:25:38]} g6 {[%clk 0:11:48]} 53. Ra5
{[%clk 0:25:31]} Nb2 {[%clk 0:11:07]} 54. Rxa6 {[%clk 0:25:27]} Nd3+
{[%clk 0:11:04]} 55. Ke3 {[%clk 0:24:16]} Nc5 {[%clk 0:10:11]} 56. Ra7+
{[%clk 0:24:26]} Nfd7 {[%clk 0:08:11]} 57. Bb4 {[%clk 0:24:31]} Ke6
{[%clk 0:08:19]} 58. Bxc5 {[%clk 0:22:46]} Nxc5 {[%clk 0:08:21]} 59. Rc7
{[%clk 0:22:24]} Ne4 {[%clk 0:07:24]} 60. Kd4 {[%clk 0:20:40]} Kf6
{[%clk 0:04:01]} 61. Rc6+ {[%clk 0:20:43]} Kg7 {[%clk 0:03:52]} 62. Ke5
{[%clk 0:20:56]} h4 {[%clk 0:02:31]} 63. Ke6 {[%clk 0:19:30]} Ng3
{[%clk 0:01:15]} 64. Rc7+ {[%clk 0:17:14]} Kh6 {[%clk 0:01:17]} 65. Kf6
{[%clk 0:12:45]} Nh5+ {[%clk 0:01:17]} 66. Ke5 {[%clk 0:13:00]} Ng3
{[%clk 0:01:27]} 67. Rd7 {[%clk 0:12:06]} Nh5 {[%clk 0:01:23]} 68. Rd4
{[%clk 0:11:57]} Ng3 {[%clk 0:01:12]} 69. Kf6 {[%clk 0:10:45]} Nh5+
{[%clk 0:00:35]} 70. Kf7 {[%clk 0:10:59]} Kh7 {[%clk 0:13:51]} 71. Rd8
{[%clk 0:22:28]} Nxf4 {[%clk 0:11:31]} 72. Kf6 {[%clk 0:22:54]} Nxg2
{[%clk 0:08:41]} 73. Kg5 {[%clk 0:22:59]} f4 {[%clk 0:06:49]} 74. Rd7+
{[%clk 0:22:34]} Kg8 {[%clk 0:07:02]} 75. Kxg6 {[%clk 0:22:32]} Kf8
{[%clk 0:07:22]} 76. Rf7+ {[%clk 0:21:39]} Ke8 {[%clk 0:07:11]} 77. Kg7
{[%clk 0:21:28]} Kd8 {[%clk 0:06:28]} 78. Kf8 {[%clk 0:21:37]} f3
{[%clk 0:02:12]} 79. Rxf3 {[%clk 0:21:35]} Kd7 {[%clk 0:02:37]} 80. Rf2
{[%clk 0:20:00]} Ne3 {[%clk 0:02:23]} 81. Rf4 {[%clk 0:16:08]} Nd5
{[%clk 0:01:22]} 82. Rxh4 {[%clk 0:16:02]} Ke6 {[%clk 0:00:54]} 83. Kg7
{[%clk 0:16:13]} 1-0

[Event "Hastings Masters"]
[Site "Hastings, England"]
[Date "2015.01.05"
[Round "8.24"]
[White "Webb, Laurence E"]
[WhiteElo "2272"]
[Black "Vanheirzeele, Daniel"]
[BlackElo "2081"]
[Result "1-0"]

*1. e4 {[%clk 1:40:49]} c5 {[%clk 1:40:56]} 2. Nf3 {[%clk 1:41:09]} e6
{[%clk 1:41:21]} 3. c3 {[%clk 1:41:08]} d5 {[%clk 1:41:19]} 4. e5
{[%clk 1:41:31]} d4 {[%clk 1:41:36]} 5. Bd3 {[%clk 1:39:32]} Bd7 {[%clk 1:42:03]}
6. Be4 {[%clk 1:38:02]} Bc6 {[%clk 1:42:15]} 7. Qe2 {[%clk 1:37:58]} Ne7
{[%clk 1:40:07]} 8. d3 {[%clk 1:37:04]} Bxe4 {[%clk 1:31:08]} 9. Qxe4
{[%clk 1:36:21]} Nbc6 {[%clk 1:28:30]} 10. Na3 {[%clk 1:27:55]} Qd7
{[%clk 1:03:39]} 11. Nc4 {[%clk 1:24:24]} Nc8 {[%clk 0:59:50]} 12. cxd4
{[%clk 1:17:21]} cxd4 {[%clk 0:58:16]} 13. O-O {[%clk 1:16:52]} Nb6
{[%clk 0:58:14]} 14. Bg5 {[%clk 1:11:33]} Nxc4 {[%clk 0:52:36]} 15. dxc4
{[%clk 1:11:11]} h6 {[%clk 0:49:22]} 16. Bh4 {[%clk 1:09:26]} g5 {[%clk 0:49:13]}
17. Bg3 {[%clk 1:09:20]} Be7 {[%clk 0:49:29]} 18. Rfd1 {[%clk 1:07:05]} O-O-O
{[%clk 0:48:24]} 19. Rd2 {[%clk 0:57:28]} f5 {[%clk 0:43:08]} 20. exf6
{[%clk 0:57:27]} Bxf6 {[%clk 0:43:33]} 21. b4 {[%clk 0:33:32]} Nxb4
{[%clk 0:34:08]} 22. Ne5 {[%clk 0:33:06]} Bxe5 {[%clk 0:34:05]} 23. Bxe5
{[%clk 0:33:00]} Rhf8 {[%clk 0:29:21]} 24. Rxd4 {[%clk 0:31:06]} Qc6
{[%clk 0:16:03]} 25. Qxc6+ {[%clk 0:22:18]} Nxc6 {[%clk 0:16:17]} 26. Rxd8+
{[%clk 0:22:30]} Rxd8 {[%clk 0:16:34]} 27. Bg7 {[%clk 0:22:26]} h5
{[%clk 0:16:15]} 28. h3 {[%clk 0:19:23]} Rg8 {[%clk 0:14:07]} 29. Bf6
{[%clk 0:16:08]} Rg6 {[%clk 0:14:21]} 30. Bb2 {[%clk 0:13:27]} g4
{[%clk 0:07:50]} 31. Kh2 {[%clk 0:13:40]} Rg5 {[%clk 0:06:11]} 32. Re1
{[%clk 0:12:24]} Kd7 {[%clk 0:05:45]} 33. Rd1+ {[%clk 0:12:30]} Kc7
{[%clk 0:05:24]} 34. Re1 {[%clk 0:09:48]} Kd7 {[%clk 0:05:48]} 35. Re4
{[%clk 0:10:01]} gxh3 {[%clk 0:03:58]} 36. Kxh3 {[%clk 0:09:35]} e5
{[%clk 0:03:49]} 37. Re3 {[%clk 0:03:54]} Kd6 {[%clk 0:03:06]} 38. Ba3+
{[%clk 0:03:40]} Ke6 {[%clk 0:03:21]} 39. f3 {[%clk 0:01:59]} Kf5
{[%clk 0:01:25]} 40. Rd3 {[%clk 0:00:48]} Rg7 {[%clk 0:00:58]} 41. Bc5
{[%clk 0:00:42]} b6 {[%clk 0:45:22]} 42. Be3 {[%clk 0:50:28]} Nd4
{[%clk 0:43:44]} 43. Rd2 {[%clk 0:44:23]} Ne6 {[%clk 0:41:22]} 44. Rd6
{[%clk 0:34:18]} Rg6 {[%clk 0:28:49]} 45. Rd7 {[%clk 0:32:39]} Rg7
{[%clk 0:26:51]} 46. Rxg7 {[%clk 0:31:04]} Nxg7 {[%clk 0:27:16]} 47. Kh4
{[%clk 0:29:13]} Kg6 {[%clk 0:25:31]} 48. g4 {[%clk 0:28:20]} hxg4
{[%clk 0:25:40]} 49. fxg4 {[%clk 0:28:47]} Ne6 {[%clk 0:18:14]} 50. Kg3
{[%clk 0:27:08]} Nf8 {[%clk 0:15:08]} 51. Kf3 {[%clk 0:26:20]} Kf7
{[%clk 0:14:58]} 52. g5 {[%clk 0:17:28]} Ng6 {[%clk 0:13:50]} 53. Kg4
{[%clk 0:15:33]} Ke6 {[%clk 0:12:25]} 54. Kh5 {[%clk 0:11:10]} Kf5
{[%clk 0:07:29]} 55. Kh6 {[%clk 0:10:24]} Nh4 {[%clk 0:07:22]} 56. Kh7
{[%clk 0:08:37]} Ke4 {[%clk 0:07:35]} 57. Bf2 {[%clk 0:07:40]} Nf5
{[%clk 0:06:22]} 58. Kg6 {[%clk 0:03:00]} Kf4 {[%clk 0:06:26]} 59. Kf6
{[%clk 0:02:55]} e4 {[%clk 0:05:38]} 60. g6 {[%clk 0:02:48]} Nh6 {[%clk 0:05:27]}
61. g7 {[%clk 0:01:57]} e3 {[%clk 0:01:12]} 62. Be1 {[%clk 0:01:26]} e2
{[%clk 0:14:13]} 63. Bd2+ {[%clk 0:14:11]} Kf3 {[%clk 0:14:11]} 64. Bxh6
{[%clk 0:12:13]} e1=Q {[%clk 0:14:36]} 65. g8=Q {[%clk 0:12:39]} Qa1+
{[%clk 0:12:17]} 66. Ke6 {[%clk 0:10:24]} Qxa2 {[%clk 0:11:28]} 67. Kd7
{[%clk 0:08:22]} Qa4+ {[%clk 0:09:07]} 68. Kc7 {[%clk 0:08:38]} Qb4
{[%clk 0:08:49]} 69. Qf7+ {[%clk 0:08:31]} Ke2 {[%clk 0:08:24]} 70. Bf8
{[%clk 0:08:40]} Qc3 {[%clk 0:08:17]} 71. Qe6+ {[%clk 0:07:51]} Kd3
{[%clk 0:08:09]} 72. Qd5+ {[%clk 0:08:01]} Kc2 {[%clk 0:08:10]} 73. Kb7
{[%clk 0:08:06]} Qa1 {[%clk 0:07:54]} 74. Qe4+ {[%clk 0:07:08]} Kb3
{[%clk 0:08:18]} 75. Qd5 {[%clk 0:06:57]} Kc2 {[%clk 0:08:17]} 76. Bd6
{[%clk 0:07:06]} Qg7+ {[%clk 0:06:37]} 77. Ka8 {[%clk 0:06:46]} Qh7
{[%clk 0:06:07]} 78. Bb8 {[%clk 0:06:01]} 1-0

[Event "Hastings Masters"]
[Site "Hastings, England"]
[Date "2015.01.05"
[Round "8.25"]
[White "Gregory, Stephen J"]
[WhiteElo "2056"]
[Black "Prosviriakov, Vladimir"]
[BlackElo "2271"]
[Result "1/2-1/2"]

1. e4 {[%clk 1:40:56]} c5 {[%clk 1:40:27]} 2. Nf3 {[%clk 1:41:17]} e6
{[%clk 1:40:29]} 3. d4 {[%clk 1:41:21]} cxd4 {[%clk 1:40:46]} 4. Nxd4
{[%clk 1:41:45]} Nc6 {[%clk 1:40:15]} 5. Nc3 {[%clk 1:41:43]} a6 {[%clk 1:39:55]}
6. Be2 {[%clk 1:39:21]} Qc7 {[%clk 1:37:13]} 7. O-O {[%clk 1:36:10]} Nf6
{[%clk 1:37:23]} 8. Be3 {[%clk 1:30:20]} Bb4 {[%clk 1:35:05]} 9. Nxc6
{[%clk 1:14:04]} bxc6 {[%clk 1:34:17]} 10. Bd3 {[%clk 1:09:25]} d5
{[%clk 1:31:50]} 11. exd5 {[%clk 1:06:22]} cxd5 {[%clk 1:31:38]} 12. Bg5
{[%clk 0:57:17]} Be7 {[%clk 1:27:48]} 13. Qf3 {[%clk 0:51:07]} O-O
{[%clk 1:24:40]} 14. Rfe1 {[%clk 0:47:45]} h6 {[%clk 1:24:13]} 15. Bf4
{[%clk 0:41:16]} Qb6 {[%clk 1:17:45]} 16. Na4 {[%clk 0:38:23]} Qb4
{[%clk 1:13:11]} 17. b3 {[%clk 0:38:03]} Bd7 {[%clk 1:13:03]} 18. g4
{[%clk 0:34:34]} Bxa4 {[%clk 1:10:31]} 19. c3 {[%clk 0:33:56]} Qc5
{[%clk 0:57:57]} 20. bxa4 {[%clk 0:32:51]} Rac8 {[%clk 0:58:00]} 21. Be5
{[%clk 0:28:21]} Qc6 {[%clk 0:55:43]} 22. Bc2 {[%clk 0:23:43]} Nd7
{[%clk 0:52:24]} 23. Qd3 {[%clk 0:22:02]} g6 {[%clk 0:52:27]} 24. Bd4
{[%clk 0:21:22]} Bf6 {[%clk 0:52:10]} 25. Bb3 {[%clk 0:18:38]} Bxd4
{[%clk 0:46:40]} 26. cxd4 {[%clk 0:18:49]} Nf6 {[%clk 0:46:47]} 27. Qd2
{[%clk 0:14:39]} Kg7 {[%clk 0:44:49]} 28. Rac1 {[%clk 0:14:35]} Qd6
{[%clk 0:44:49]} 29. h3 {[%clk 0:14:10]} Ne4 {[%clk 0:39:33]} 30. Qe3
{[%clk 0:13:51]} a5 {[%clk 0:36:11]} 31. Re2 {[%clk 0:13:37]} Kh7
{[%clk 0:29:54]} 32. Rec2 {[%clk 0:12:25]} Rxc2 {[%clk 0:30:09]} 33. Bxc2
{[%clk 0:10:28]} Rc8 {[%clk 0:29:07]} 34. Bxe4 {[%clk 0:10:30]} Rxc1+
{[%clk 0:29:32]} 35. Qxc1 {[%clk 0:10:47]} dxe4 {[%clk 0:29:58]} 36. Qc5
{[%clk 0:06:35]} Qd8 {[%clk 0:26:27]} 37. Kf1 {[%clk 0:04:11]} Kg8
{[%clk 0:26:43]} 38. Ke2 {[%clk 0:02:48]} Qd5 {[%clk 0:26:56]} 39. Ke3
{[%clk 0:02:19]} g5 {[%clk 0:24:51]} 40. Qc2 {[%clk 0:01:59]} f5 {[%clk 0:23:57]}
41. gxf5 {[%clk 0:50:00]} exf5 {[%clk 1:10:19]} 42. Ke2 {[%clk 0:29:44]} Kf7
{[%clk 1:04:56]} 43. Kf1 {[%clk 0:28:59]} Qxd4 {[%clk 0:56:33]} 44. Qc7+
{[%clk 0:27:29]} Kg6 {[%clk 0:56:52]} 45. Qxa5 {[%clk 0:27:36]} Qd1+
{[%clk 0:57:11]} 46. Kg2 {[%clk 0:27:31]} Qf3+ {[%clk 0:54:05]} 47. Kg1
{[%clk 0:27:32]} Qxh3 {[%clk 0:53:51]} 48. Qa6+ {[%clk 0:26:15]} Kh5
{[%clk 0:53:19]} 49. Qe2+ {[%clk 0:25:39]} g4 {[%clk 0:48:57]} 50. a5
{[%clk 0:24:54]} Qa3 {[%clk 0:47:57]} 51. a6 {[%clk 0:24:51]} Qa4
{[%clk 0:47:45]} 52. Kg2 {[%clk 0:22:34]} Kh4 {[%clk 0:46:39]} 53. Qd2
{[%clk 0:19:12]} Qxa6 {[%clk 0:46:47]} 54. Qd8+ {[%clk 0:12:51]} Kh5
{[%clk 0:47:11]} 55. Qe8+ {[%clk 0:13:06]} Kg5 {[%clk 0:47:32]} 56. Qg8+
{[%clk 0:12:39]} Kf6 {[%clk 0:43:49]} 57. Qh8+ {[%clk 0:12:43]} 1/2-1/2